Music Quiz

Random Music or Lyrics Quiz

Opening Lyrics V Quiz Stats

 Plays Quiz Updated Sep 21, 2018

Support Sporcle.
Go Orange.
Score 0/19 Timer 07:00
4 Plays Today
Lyric Song % Correct
Buddy you're a boy make a big noise playin' in the street, gonna be a big man some dayWe Will Rock You
74.4%
What you gon' do with all that junk? All that junk inside your trunkMy Humps
65.7%
Somebody once told me the world is gonna roll me; I ain't the sharpest tool in the shedAll Star
65.2%
His palms are sweaty. Knees weak, arms are heavy. There's vomit on his sweater already - Mom's spaghettiLose Yourself
62.8%
Harry Truman, Doris Day, Red China, Johnnie RayWe Didn't Start the Fire
58.8%
She's into superstitions black cats and voodoo dollsLivin' La Vida Loca
52.5%
Her name was Lola, she was a showgirl, with yellow feathers in her hair and a dress cut down to thereCopacabana
50.8%
How many roads must a man walk down, before you call him a manBlowin' in the Wind
49.5%
Would you know my name If I saw you in heaven will it be the same, if I saw you in heavenTears in Heaven
49.1%
I hopped off the plane at LAX with a dream and my cardiganParty in the U.S.A
47.1%
Lyric Song % Correct
You put the boom-boom into my heart. You send my soul sky high when your lovin' startsWake Me Up Before You Go-Go
42.8%
Flew in from Miami Beach BOAC, didn't get to bed last nightBack in the U.S.S.R.
34%
Well I don't know why I came here tonight, I got the feelin' that somethin' ain't rightStuck in the Middle with You
30.9%
Man it's a hot one. Like seven inches from the midday sunSmooth
30.8%
I saw her today at the reception, A glass of wine in her handYou Can't Always Get What You Want
29.8%
She doesn't own a dress, her hair is always a mess, you catch her stealin' she won't confess, she's beautifulMeet Virginia
25.6%
Someday, when I'm awfully low, when the world is cold, I will feel a glowThe Way You Look Tonight
19.5%
Saying 'I love you', is not the words I want to hear from youMore Than Words
18.9%
Once upon a time, once when you were mine I remember skies reflected in your eyesYour Wildest Dreams
3.1%

You're not logged in!

Compare scores with friends on all Sporcle quizzes.
OR
Log In

From the Vault

Countries by 6-Letter City

by Pilgab

You might have already guessed this, but Antananarivo will not be appearing in this quiz.
Remove Ads.
Support Sporcle.
Get the best of Sporcle when you Go Orange. This ad-free experience offers more features, more stats, and more fun while also helping to support Sporcle. Thank you for becoming a member.

Show Comments

Extras

Top Quizzes Today


Score Distribution

Your Account Isn't Verified!

In order to create a playlist on Sporcle, you need to verify the email address you used during registration. Go to your Sporcle Settings to finish the process.

Report this User

Report this user for behavior that violates our Community Guidelines.

Details: